[Event "NZL-ch Major op"]
[Site "Wellington"]
[Date "2013.01.05"]
[Round "6"]
[White "James, Jack"]
[Black "Gillespie, John G"]
[Result "1-0"]
[WhiteElo "1775"]
[BlackElo "1551"]
[PlyCount "93"]
[EventDate "2012.12.31"]
[EventType "swiss"]
[EventRounds "11"]
[EventCountry "NZL"]
[SourceTitle "CBM 152 Extra"]
[Source "ChessBase"]
[SourceDate "2013.02.25"]
[SourceVersion "1"]
[SourceVersionDate "2013.02.25"]
[SourceQuality "1"]

1. e4 e5 2. f4 Bc5 3. Nf3 d6 4. Bc4 Qe7 5. d3 Be6 6. Bb3 Bxb3 7. axb3 Nc6 8. Nc3 Nf6 9. fxe5 dxe5 10. Bg5 Qe6 11. Qe2 h6 12. Be3 Bxe3 13. Qxe3 0-0-0 14. Nb5 a6 15. Na7+ Nxa7 16. Qxa7 Nd7 17. b4 f6 18. Qf2 Nb6 19. 0-0 Kb8 20. Ra5 Rd6 21. Rfa1 Nc8 22. Nd2 Rf8 23. Nc4 Rc6 24. b5 Rxc4 25. dxc4 Rd8 26. bxa6 bxa6 27. Rxa6 Qxa6 28. Rxa6 Rd1+ 29. Qf1 Rxf1+ 30. Kxf1 Kb7 31. Re6 Nd6 32. b3 Nxe4 33. Re7 g5 34. Rh7 Kc6 35. Rxh6 Kc5 36. Ke2 Kd4 37. Rh7 c5 38. Rd7+ Kc3 39. Ke3 f5 40. Rd5 Kxc2 41. Rxe5 Nd6 42. Rd5 f4+ 43. Kf3 Nf7 44. Rxc5 Kxb3 45. Rf5 Nd6 46. Rxg5 Nxc4 47. Kxf4 1-0

[Event "NZL-ch Major op"]
[Site "Wellington"]
[Date "2013.01.02"]
[Round "3"]
[White "Brockway, Andrew"]
[Black "Gillespie, John G"]
[Result "0-1"]
[WhiteElo "1792"]
[BlackElo "1551"]
[PlyCount "114"]
[EventDate "2012.12.31"]
[EventType "swiss"]
[EventRounds "11"]
[EventCountry "NZL"]
[SourceTitle "CBM 152 Extra"]
[Source "ChessBase"]
[SourceDate "2013.02.25"]
[SourceVersion "1"]
[SourceVersionDate "2013.02.25"]
[SourceQuality "1"]

1. e4 e5 2. Nf3 Nc6 3. Bb5 a6 4. Bxc6 dxc6 5. 0-0 Bg4 6. h3 Bxf3 7. Qxf3 Nf6 8. d3 Be7 9. Nd2 b5 10. Nb3 0-0 11. Be3 Nd7 12. Na5 c5 13. Nc6 Qe8 14. Nxe7+ Qxe7 15. Rad1 a5 16. Qf5 Ra6 17. Bg5 f6 18. Be3 Rd6 19. Qg4 Qf7 20. b3 Rb8 21. f4 a4 22. Qg3 axb3 23. axb3 c4 24. fxe5 Nxe5 25. d4 Qh5 26. Rd2 Ng6 27. Rf5 Qh4 28. Qxh4 Nxh4 29. Rc5 cxb3 30. cxb3 Rd7 31. Bf2 Ng6 32. Kf1 Re8 33. Rxb5 Rxe4 34. Rc5 Nf8 35. Re2 Rxe2 36. Kxe2 Ne6 37. Rc4 Nf4+ 38. Kf3 Nd5 39. Ke4 Ne7 40. Bg3 c6 41. Be1 f5+ 42. Kd3 Rb7 43. Rb4 Rxb4 44. Bxb4 Nd5 45. Bd6 Kf7 46. Kc4 Ke6 47. Kc5 Kd7 48. Be5 g5 49. b4 Nc3 50. Bf6 Ne4+ 51. Kc4 Nxf6 52. b5 cxb5+ 53. Kxb5 Kd6 54. Kc4 Nd5 55. Kd3 Nf4+ 56. Ke3 Nxg2+ 57. Kf3 Nh4+ 0-1

[Event "NZL-ch Major op"]
[Site "Wellington"]
[Date "2012.12.31"]
[Round "1"]
[White "Nicholls, Leighton"]
[Black "Gillespie, John G"]
[Result "1-0"]
[WhiteElo "1797"]
[BlackElo "1551"]
[PlyCount "75"]
[EventDate "2012.12.31"]
[EventType "swiss"]
[EventRounds "11"]
[EventCountry "NZL"]
[SourceTitle "CBM 152 Extra"]
[Source "ChessBase"]
[SourceDate "2013.02.25"]
[SourceVersion "1"]
[SourceVersionDate "2013.02.25"]
[SourceQuality "1"]

1. d4 Nf6 2. c4 e6 3. Nc3 Bb4 4. Qc2 c5 5. e3 Nc6 6. Nf3 cxd4 7. exd4 d5 8. Be3 Ne4 9. Bd3 Bxc3+ 10. bxc3 Qa5 11. Rc1 f5 12. 0-0 0-0 13. Nd2 f4 14. Nb3 Qa3 15. Bd2 Ng5 16. cxd5 exd5 17. h4 Ne4 18. f3 Ng3 19. Bxh7+ Kh8 20. Rfe1 Bf5 21. Bxf5 Rxf5 22. Nc5 Raf8 23. Ne6 Ne7 24. Nxf8 Rxf8 25. Qb3 Qd6 26. Qb4 Qxb4 27. cxb4 Nef5 28. Bxf4 Nh5 29. Be5 Nxh4 30. Rc7 Ng6 31. Rxb7 Nxe5 32. Rxe5 Ng3 33. Rxd5 Ne2+ 34. Kf2 Nc3 35. Rdd7 Ne4+ 36. Ke3 Nf6 37. Rxg7 Re8+ 38. Kd3 1-0

[Event "Wellington CC Summer Cup"]
[Site "Wellington"]
[Date "2012.03.20"]
[Round "6"]
[White "Wastney, Scott C"]
[Black "Gillespie, John G"]
[Result "1-0"]
[WhiteElo "2372"]
[BlackElo "1551"]
[PlyCount "75"]
[EventDate "2012.02.07"]
[EventType "swiss"]
[EventRounds "8"]
[EventCountry "NZL"]
[SourceTitle "EXT 2018"]
[Source "ChessBase"]
[SourceDate "2017.10.13"]
[SourceVersion "1"]
[SourceVersionDate "2017.10.13"]
[SourceQuality "1"]

1. e4 c5 2. Nf3 d6 3. d4 cxd4 4. Nxd4 Nf6 5. Nc3 Nc6 6. Be2 a6 7. a4 Nxd4 8. Qxd4 e5 9. Qd3 Be7 10. 0-0 0-0 11. Rd1 Qc7 12. Bg5 Be6 13. Bxf6 Bxf6 14. Qxd6 Qxd6 15. Rxd6 Rfd8 16. Rad1 Be7 17. Rxd8+ Bxd8 18. Nd5 g6 19. c3 Rb8 20. g3 b5 21. axb5 axb5 22. Nb4 Bf6 23. Kf1 Rb7 24. Ke1 Bb3 25. Ra1 Be7 26. Nc6 Bd6 27. Na5 Ra7 28. Nxb3 Rxa1+ 29. Nxa1 b4 30. Nb3 bxc3 31. bxc3 Kf8 32. Kd2 Ke7 33. Kd3 Bc7 34. c4 f5 35. c5 h5 36. exf5 gxf5 37. Bxh5 Ke6 38. Kc4 1-0

[Event "Wellington CC Summer Cup"]
[Site "Wellington"]
[Date "2012.02.07"]
[Round "1"]
[White "Gillespie, John G"]
[Black "Nijman, Brian"]
[Result "0-1"]
[WhiteElo "1551"]
[BlackElo "2206"]
[PlyCount "56"]
[EventDate "2012.02.07"]
[EventType "swiss"]
[EventRounds "8"]
[EventCountry "NZL"]
[SourceTitle "EXT 2018"]
[Source "ChessBase"]
[SourceDate "2017.10.13"]
[SourceVersion "1"]
[SourceVersionDate "2017.10.13"]
[SourceQuality "1"]

1. d4 d5 2. c4 dxc4 3. Nf3 a6 4. e3 e6 5. Bxc4 b5 6. Bb3 Bb7 7. 0-0 Be7 8. Nc3 Nf6 9. Re1 c5 10. dxc5 Nbd7 11. c6 Bxc6 12. Nd4 Bb7 13. Bxe6 Nc5 14. Bh3 0-0 15. Nf5 Nfe4 16. Nxe7+ Qxe7 17. Nxe4 Nxe4 18. g3 Rfd8 19. Qc2 Ng5 20. Bg2 Rac8 21. Qe2 Bxg2 22. e4 Nf3+ 23. Kxg2 Nxe1+ 24. Qxe1 Rc2 25. b3 f5 26. e5 Qb7+ 27. Kg1 Qe4 28. Qa5 Rd1+ 0-1

[Event "Wellington CC Summer Cup"]
[Site "Wellington"]
[Date "2011.03.08"]
[Round "6"]
[White "Gillespie, John G"]
[Black "Loginov, Vladimir Nikolaevic"]
[Result "1-0"]
[WhiteElo "1612"]
[BlackElo "2039"]
[PlyCount "73"]
[EventDate "2011.02.01"]
[EventType "swiss"]
[EventRounds "8"]
[EventCountry "NZL"]
[SourceTitle "EXT 2018"]
[Source "ChessBase"]
[SourceDate "2017.10.13"]
[SourceVersion "1"]
[SourceVersionDate "2017.10.13"]
[SourceQuality "1"]

1. e4 e6 2. d4 d5 3. Nd2 Nc6 4. Ngf3 g6 5. c3 Bg7 6. Bd3 Nge7 7. e5 a6 8. a4 Na7 9. b4 Bd7 10. Nb3 0-0 11. 0-0 Qe8 12. Nc5 Bc6 13. Bd2 Nec8 14. Qe2 f6 15. b5 axb5 16. axb5 b6 17. Nxe6 Qxe6 18. bxc6 Qxc6 19. c4 Kh8 20. Rfc1 Re8 21. cxd5 Qxd5 22. Rxc7 fxe5 23. Bc4 Qd6 24. Rxg7 Kxg7 25. dxe5 Qc6 26. Bc3 Ne7 27. e6+ Kf8 28. Ne5 Qc8 29. Qf3+ Nf5 30. Nd7+ Ke7 31. Bf6+ Kd6 32. Rd1+ Kc7 33. Be5+ Kd8 34. Nxb6+ Ke7 35. Nxc8+ Raxc8 36. Qb7+ Kf8 37. Qf7# 1-0

[Event "Wellington CC Summer Cup"]
[Site "Wellington"]
[Date "2011.03.08"]
[Round "5"]
[White "Jackson, L Ross"]
[Black "Gillespie, John G"]
[Result "1-0"]
[WhiteElo "2013"]
[BlackElo "1612"]
[PlyCount "103"]
[EventDate "2011.02.01"]
[EventType "swiss"]
[EventRounds "8"]
[EventCountry "NZL"]
[SourceTitle "EXT 2018"]
[Source "ChessBase"]
[SourceDate "2017.10.13"]
[SourceVersion "1"]
[SourceVersionDate "2017.10.13"]
[SourceQuality "1"]

1. d4 Nf6 2. c4 e6 3. Nc3 Bb4 4. f3 0-0 5. e4 d5 6. e5 Nfd7 7. a3 Bxc3+ 8. bxc3 f6 9. exf6 Qxf6 10. Be3 b6 11. Bd3 dxc4 12. Bxc4 Ba6 13. Bxa6 Nxa6 14. Ne2 c5 15. 0-0 Nc7 16. Qd2 Nd5 17. Bg5 Qg6 18. c4 N5f6 19. Be3 cxd4 20. Nxd4 Nc5 21. Rad1 Qe8 22. Nb5 Qe7 23. Qd6 Qxd6 24. Rxd6 Nfd7 25. Nc7 Rac8 26. Nb5 Ne5 27. Bxc5 Rxc5 28. Nxa7 Nxc4 29. Rxe6 Ra5 30. Rc1 Rxa7 31. Rxc4 Rxa3 32. Rxb6 Ra1+ 33. Kf2 Ra2+ 34. Kg3 Ra5 35. Rb7 Rg5+ 36. Kf2 h6 37. Rcc7 Rd8 38. g4 Rf8 39. Kg3 Rg6 40. h4 h5 41. g5 Rd8 42. Re7 Kh7 43. f4 Rd3+ 44. Kf2 Rd8 45. Rf7 Rg8 46. f5 Rc6 47. f6 Rc2+ 48. Kg3 Rc3+ 49. Kf4 Rc4+ 50. Kf5 Rc5+ 51. Ke6 Re8+ 52. Kd6 1-0

[Event "Wellington Mazur Memorial"]
[Site "Wellington"]
[Date "2010.11.09"]
[Round "4"]
[White "Gillespie, John G"]
[Black "Van der Hoorn, Mark"]
[Result "0-1"]
[WhiteElo "1517"]
[BlackElo "2182"]
[PlyCount "130"]
[EventDate "2010.10.19"]
[EventType "swiss"]
[EventRounds "8"]
[EventCountry "NZL"]
[SourceTitle "EXT 2018"]
[Source "ChessBase"]
[SourceDate "2017.10.13"]
[SourceVersion "1"]
[SourceVersionDate "2017.10.13"]
[SourceQuality "1"]

1. e4 g5 2. d4 Bg7 3. Bxg5 c5 4. Nf3 cxd4 5. c3 Nc6 6. Bc4 Nf6 7. e5 Ng4 8. cxd4 Qb6 9. 0-0 Qxb2 10. Nbd2 Nxd4 11. Rb1 Nxf3+ 12. Nxf3 Qc3 13. Rc1 Qa5 14. Bd2 Qb6 15. Bxf7+ Kxf7 16. Ng5+ Ke8 17. Qxg4 Bxe5 18. Qc4 d6 19. Qf7+ Kd8 20. Ne6+ Bxe6 21. Qxe6 Qb5 22. Bc3 Bxc3 23. Rxc3 Qd7 24. Qf7 Rc8 25. Qg7 Qe8 26. Rxc8+ Kxc8 27. Rc1+ Kb8 28. Qc3 Qd8 29. Re1 Rg8 30. Qb3 Rg7 31. Rb1 e5 32. Rd1 Rc7 33. g3 h5 34. h4 Qd7 35. Qg8+ Rc8 36. Qg6 d5 37. Qxh5 Qe6 38. Qf3 e4 39. Qf4+ Ka8 40. h5 a6 41. h6 Rh8 42. Qg5 Rxh6 43. Rxd5 Rh8 44. Rd8+ Rxd8 45. Qxd8+ Ka7 46. Qd4+ b6 47. Qg7+ Kb8 48. Qf8+ Kc7 49. Qg7+ Kc6 50. Qc3+ Kb5 51. a3 a5 52. Qd4 Qc4 53. Qd7+ Qc6 54. a4+ Kc5 55. Qe7+ Kc4 56. Qa3 Qc5 57. Qc1+ Kb4 58. Qb1+ Kxa4 59. Qxe4+ Kb3 60. Qe6+ Kb2 61. Qf6+ Ka2 62. Qe6+ Ka3 63. g4 b5 64. Qe3+ Qxe3 65. fxe3 b4 0-1

[Event "Wellington Mazur Memorial"]
[Site "Wellington"]
[Date "2010.10.26"]
[Round "2"]
[White "Gillespie, John G"]
[Black "Hewson, Michael"]
[Result "1-0"]
[WhiteElo "1517"]
[BlackElo "1708"]
[PlyCount "97"]
[EventDate "2010.10.19"]
[EventType "swiss"]
[EventRounds "8"]
[EventCountry "NZL"]
[SourceTitle "EXT 2018"]
[Source "ChessBase"]
[SourceDate "2017.10.13"]
[SourceVersion "1"]
[SourceVersionDate "2017.10.13"]
[SourceQuality "1"]

1. e4 d5 2. exd5 Qxd5 3. Nc3 Qe5+ 4. Qe2 Qxe2+ 5. Bxe2 c6 6. d4 Bf5 7. Bd1 Nf6 8. Nge2 e6 9. 0-0 Nbd7 10. Ng3 Bg6 11. Nce2 Bd6 12. f4 0-0 13. f5 exf5 14. Nxf5 Bxf5 15. Rxf5 Rfe8 16. Rf1 Ng4 17. Bf4 Bxf4 18. Nxf4 Ne3 19. Re1 Nf6 20. c3 Nxd1 21. Raxd1 Rxe1+ 22. Rxe1 Re8 23. Rxe8+ Nxe8 24. Kf2 Nf6 25. Kf3 Kf8 26. c4 Ke7 27. g4 Ke8 28. g5 Nd7 29. Nh5 g6 30. Nf4 f5 31. gxf6 Nxf6 32. d5 g5 33. Ne6 cxd5 34. Nc7+ Kd7 35. Nxd5 Nxd5 36. cxd5 Kd6 37. Kg4 Kxd5 38. Kxg5 Ke5 39. h4 a6 40. a3 b6 41. h5 Ke6 42. Kh6 Kf6 43. Kxh7 Kf7 44. Kh6 Kf6 45. b3 Kf7 46. Kg5 Kg7 47. h6+ Kf7 48. Kf5 Kg8 49. Kg6 1-0

[Event "North Island-ch"]
[Site "Auckland"]
[Date "2010.07.13"]
[Round "3"]
[White "Gillespie, John G"]
[Black "Cornford, Lindsay H"]
[Result "0-1"]
[WhiteElo "1517"]
[BlackElo "1894"]
[PlyCount "82"]
[EventDate "2010.07.12"]
[EventType "swiss"]
[EventRounds "8"]
[EventCountry "NZL"]
[SourceTitle "EXT 2018"]
[Source "ChessBase"]
[SourceDate "2017.10.13"]
[SourceVersion "1"]
[SourceVersionDate "2017.10.13"]
[SourceQuality "1"]

1. e4 c5 2. Nf3 d6 3. d4 cxd4 4. Nxd4 Nf6 5. Nc3 g6 6. Be2 Bg7 7. Be3 0-0 8. Qd2 Nc6 9. 0-0-0 Ng4 10. Bxg4 Bxg4 11. f3 Bd7 12. Nb3 Ne5 13. Bd4 Be6 14. Nd5 Bxd5 15. exd5 Qc7 16. Kb1 a5 17. Bxe5 Bxe5 18. f4 Bg7 19. a3 Rfc8 20. Rc1 a4 21. Nd4 Qc4 22. Ne2 Rc5 23. Rhd1 Raa5 24. Nc3 Bxc3 25. Qxc3 Qxc3 26. bxc3 Rxd5 27. Rd4 Rdc5 28. c4 Ra6 29. Ka2 Rac6 30. c3 Rxc4 31. Rxc4 Rxc4 32. g3 b5 33. Kb2 Kf8 34. Rd1 Ke8 35. Rd5 Rc5 36. Rd4 Kd7 37. g4 e6 38. Kc2 Rc4 39. Kd3 Rxd4+ 40. Kxd4 f6 41. c4 e5+ 0-1

[Event "Dunedin New Year op"]
[Site "Dunedin"]
[Date "1999.??.??"]
[Round "4.8"]
[White "Gillespie, John G"]
[Black "McNabb, Matthew David"]
[Result "0-1"]
[WhiteElo "1404"]
[BlackElo "1717"]
[PlyCount "82"]
[EventDate "1999.01.??"]
[EventType "swiss"]
[EventRounds "6"]
[EventCountry "NZL"]
[SourceTitle "EXT 2003"]
[Source "ChessBase"]
[SourceDate "2002.11.25"]
[SourceVersion "1"]
[SourceVersionDate "2002.11.25"]
[SourceQuality "1"]

1. d4 Nf6 2. c4 g6 3. Nf3 Bg7 4. Nc3 0-0 5. e4 d6 6. Be2 e5 7. d5 Nbd7 8. b4 a5 9. bxa5 Nc5 10. Qc2 Ne8 11. Bg5 Qd7 12. Nd2 f5 13. f3 Nf6 14. Nb3 h6 15. Be3 Qe7 16. Nxc5 dxc5 17. 0-0 f4 18. Bf2 g5 19. Na4 Rxa5 20. Be1 Ra8 21. Bc3 g4 22. Rad1 gxf3 23. Bxf3 Ng4 24. Bxg4 Bxg4 25. Rd3 Qg5 26. Nxc5 f3 27. Rf2 fxg2 28. Rxg2 Rxa2 29. Bb2 Qf4 30. h3 Qf1+ 31. Kh2 Bf3 32. Rxg7+ Kxg7 33. Ne6+ Kf7 34. Rxf3+ Qxf3 35. Nxf8 Kxf8 36. Kg1 Qg3+ 37. Kf1 Qxh3+ 38. Kg1 Qg3+ 39. Kf1 Ra6 40. Qf2+ Qxf2+ 41. Kxf2 Ra2 0-1